| 000 | 00718nam a2200229 4500 | ||
|---|---|---|---|
| 003 | OSt | ||
| 005 | 20240717012523.0 | ||
| 006 | a | ||
| 008 | 240717b |||||||| |||| 00| 0 eng d | ||
| 020 | _a1412949874 | ||
| 040 |
_aDWCL-Main lib. _cOC |
||
| 082 |
_2Second edition _aCirc. 370.1523 S725h 2007 |
||
| 100 | _aSousa, David A. | ||
| 245 | _aHow the special needs brain learns / | ||
| 260 |
_aThousands Oaks, Calif. : _bCorwin Press, _cc2007. |
||
| 300 |
_axiv, _b232 p. : ill. ; _c28 cm. |
||
| 504 | _aIncludes bibliographical references & index. | ||
| 650 | _a1. Learning disabled children-Education. | ||
| 650 | _a2. Learning. | ||
| 650 | _a3. Cognition in children. | ||
| 942 |
_2ddc _n0 _cBK-CIRC _kCirc. |
||
| 999 |
_c2284 _d2284 |
||